|
|
|
|
| LEADER |
00000naa2a2200000 4500 |
| 001 |
235612 |
| 005 |
20260105115231.0 |
| 035 |
|
|
|a (RuTPU)RU\TPU\book\256751
|
| 035 |
|
|
|a RU\TPU\book\256747
|
| 090 |
|
|
|a 235612
|
| 100 |
|
|
|a 20130412d2013 k y0rusy50 ca
|
| 101 |
0 |
|
|a rus
|
| 102 |
|
|
|a RU
|
| 135 |
|
|
|a drcn ---uucaa
|
| 181 |
|
0 |
|a i
|
| 182 |
|
0 |
|a b
|
| 200 |
1 |
|
|a Микроструктура и свойства пленок Co, формируемых методом химического осаждения
|f Р. Р. Хайруллин, С. И. Доровских
|
| 203 |
|
|
|a Текст
|c электронный
|
| 225 |
1 |
|
|a Технологии наноматериалов и материалов нового поколения
|
| 300 |
|
|
|a Заглавие с титульного экрана
|
| 337 |
|
|
|a Adobe Reader
|
| 461 |
|
1 |
|0 (RuTPU)RU\TPU\book\256460
|t Высокие технологии в современной науке и технике
|o сборник научных трудов II Всероссийской научно-технической конференции молодых ученых, аспирантов и студентов с международным участием, Томск, 27-29 марта 2013 г
|o в 2 т.
|f Национальный исследовательский Томский политехнический университет (ТПУ)
|d 2013
|
| 463 |
|
1 |
|0 (RuTPU)RU\TPU\book\256463
|t Т. 1
|v [С. 303-308]
|d 2013
|
| 610 |
1 |
|
|a труды учёных ТПУ
|
| 610 |
1 |
|
|a электронный ресурс
|
| 610 |
1 |
|
|a микроструктура
|
| 610 |
1 |
|
|a свойства
|
| 610 |
1 |
|
|a пленки
|
| 610 |
1 |
|
|a кобальт
|
| 610 |
1 |
|
|a химическое осаждение
|
| 610 |
1 |
|
|a методы
|
| 700 |
|
1 |
|a Хайруллин
|b Р. Р.
|c специалист в области материаловедения
|c инженер Томского политехнического университета
|f 1992-
|g Рустам Равильевич
|3 (RuTPU)RU\TPU\pers\32861
|
| 701 |
|
1 |
|a Доровских
|b С. И.
|
| 712 |
0 |
2 |
|a Российская академия наук (РАН)
|b Сибирское отделение (СО)
|b Институт физики прочности и материаловедения (ИФПМ)
|c (Томск)
|3 (RuTPU)RU\TPU\col\265
|
| 712 |
0 |
2 |
|a Российская академия наук (РАН)
|b Сибирское отделение (СО)
|b Институт физики прочности и материаловедения (ИФПМ)
|c (Томск)
|3 (RuTPU)RU\TPU\col\265
|
| 712 |
0 |
2 |
|a Академия наук СССР (АН СССР)
|b Сибирское отделение (СО)
|b Институт неорганической химии им. А. В. Николаева (ИНХ)
|c (Новосибирск)
|3 (RuTPU)RU\TPU\col\12178
|
| 801 |
|
2 |
|a RU
|b 63413507
|c 20141021
|g RCR
|
| 856 |
4 |
|
|u http://www.lib.tpu.ru/fulltext/c/2013/C17/V1/082.pdf
|
| 942 |
|
|
|c CF
|